00440 2200181 4500001002100000005001500021008004100036020002200077035001900099041000700118082001000125090001600135100001100151245003200162260003100194300001900225650001400244INLIS00000000000295720241224112631241224||||||||| | ||| |||| || |  a978-602-9186-07-9 0010-1224002957 aid0 a745.5 a745.5 YOH r0 aYohana00aReplika Makanan dari Benang aSurabayabTiara Aksac2011 a80 hlm.; 21 cm 0aKerajinan